000 00488cam a2200193ua 4500
001 3618
008 111122n ii |||gr||||Z||||||eng
040 _cMAIN
082 _a334
100 1 _aTagore, Rabindra Nath,
245 1 1 _aCo-operative principles
_cby Rabindra Nath Tagore
250 _a1st.
260 _aCulcutta:
_bVisva Bharati,963.
300 _a65p.:
_c23cm.
653 _aEnglish
653 _aCo-operative principles
700 _aSen, Pulinbihari,
_eEditor.
942 _cBK
999 _c3459
_d3459